| 000 | 00000nam##2200000za#4500 |
| 001 | 9.614645 |
| 003 | CaOODSP |
| 005 | 20200327133943 |
| 007 | ta |
| 008 | 150406|1998||||xxc||||| f|0| 0 eng|d |
| 022 | |a0706-6457 |
| 040 | |aCaOODSP|beng |
| 043 | |an-cn--- |
| 086 | 1 |aFs97-6/2222E |
| 110 | 1 |aCanada. |bDepartment of Fisheries and Oceans. |
| 245 | 10|aSize-specific estimates of lobster catchability in the Baie des Chaleurs based on traps with different entrance ring sizes / |cby M. J. Tremblay, M. Lanteigne and M. Mallet. |
| 260 | |aOttawa - Ontario : |bFisheries and Oceans Canada |c1998. |
| 300 | |aiv, 16p. : |bgraphs, references, tables ; |c28 cm. |
| 490 | 1 |aCanadian technical report of fisheries and aquatic sciences|x0706-6457|v2222 |
| 500 | |aPrepared at the Science Branch, Maritimes Region, Invertebrate Fisheries Division, Department of Fisheries and Oceans. |
| 546 | |aRésumé en français |
| 563 | |aSoftcover |
| 590 | |a98-47|b1998-11-20 |
| 720 | 1 |aLanteigne, M. |
| 720 | 1 |aTremblay, M. J. |
| 720 | 1 |aMallet, M. |
| 776 | 0#|tSize-specific estimates of lobster catchability in the Baie de Chaleurs based on traps with different entrance ring sizes / |w(CaOODSP)9.573997 |
| 830 | #0|aCanadian technical report of fisheries and aquatic sciences,|x0706-6457|v2222|w(CaOODSP)9.514691 |